Statistics for NFL Player Nickname Quiz

Click here to take the quiz!

General Stats

  • This quiz has been taken 33 times
  • The average score is 18 of 50

Answer Stats

NicknamePlayer% Correct
White ShoesBilly Johnson
100%
MegatronCalvin Johnson
100%
PrimetimeDeion Sanders
88%
The BusJerome Bettis
88%
Joe CoolJoe Montana/Joe Burrow
88%
Broadway JoeJoe Namath
88%
Beast ModeMarshawn Lynch
84%
Big BenBen Roethlisberger
80%
SweetnessWalter Payton
80%
The FridgeWilliam Perry
72%
Johnny FootballJohnny Manziel
68%
The Minister of DefenseReggie White
60%
Honey BadgerTyrann Mathieu
60%
CheetahTyreek Hill
60%
The Red RifleAndy Dalton
56%
Weapon XBrian Dawkins
56%
Bam Bam KamKam Chancellor
56%
All DayAdrian Peterson
40%
T SizzleTerrell Suggs
40%
Mr. RelevantBrock Purdy
36%
IckeyElbert Woods
32%
LegatronGreg Zuerlein
28%
Bad MoonAndre Rison
24%
Concrete CharlieChuck Bednarik
20%
SnacksDamon Harrison
20%
Run DMCDarren McFadden
20%
CrazylegsElroy Hirsch
20%
The PlaymakerMichael Irvin
20%
The Amish RifleRyan Fitzpatrick
20%
Feast ModeEddie Lacy
16%
IronMike Ditka
16%
MissleQadry Ismail
16%
RocketRaghib Ismail
16%
BombSulaiman Ismail
16%
Blonde BomberTerry Bradshaw
16%
BulletBob Hayes
12%
The Human JoystickDante Hall
12%
The GhostDave Casper
12%
Muscle HamsterDoug Martin
12%
The ToeLou Groza
12%
A-TrainMike Alstott
12%
Slingin'Sammy Baugh
12%
Touchdown MakerStephen Baker
12%
The Law FirmBenjarvius Green-Ellis
8%
He Hate MeRod Smart
8%
The Mad StorkTed Hendricks
8%
The FreezerB.J. Raji
4%
BabytronKenny Golladay
4%
The Galloping GhostRed Grange
4%
Green LanternWayne Chrebet
4%

Score Distribution

Percentile by Number Answered

Percent of People with Each Score

Your Score History

You have not taken this quiz